Statistics for Band Abbreviations

Click here to take the quiz!

General Stats

  • This quiz has been taken 1,395 times
    (1,373 since last reset)
  • The average score is 6 of 36

Answer Stats

Hint Answer % Correct
+41Sum 41
65%
P!ATDPanic! At The Disco
57%
MCRMy Chemical Romance
46%
RHCPRed Hot Chili Peppers
42%
A7XAvenged Sevenfold
39%
GNRGuns N' Roses
37%
ELOElectric Light Orchestra
33%
SOADSystem Of A Down
32%
CCRCreedence Clearwater Revival
32%
REMRapid Eye Movement
28%
INXSIn Excess
25%
ICPInsane Clown Posse
24%
STPStone Temple Pilots
19%
3EBThird Eye Blind
18%
AC/DCAlternating Current/Direct Current
18%
NOFXNo Effects
16%
BTOBachman-Turner Overdrive
14%
AFIA Fire Inside
11%
BOCBlue Oyster Cult
9%
HIMHis Infernal Majesty
9%
OMDOrchestral Manoeuvres In The Dark
7%
PODPayable On Death
7%
CKYCamp Kill Yourself
6%
TBSTaking Back Sunday
5%
D12Dirty Dozen
5%
DKDead Kennedys
5%
MC5Motor City Five
4%
AWBAverage White Band
4%
ABBAAgnetha, Bjorn, Benny, Annifrid
4%
TLCT-Boz, Left-Eye, Chili
3%
UB40Unemployment Benefit Form 40
3%
NERDNo-one Ever Really Dies
3%
DMXDark Man X
2%
DEVODe-Evolution
2%
MOPMash Out Posse
1%
REORansom Eli Olds Speedwagon
0%

Score Distribution

Percentile by Number Answered

Percent of People with Each Score

Your Score History

You have not taken this quiz since the last reset